Czech terms borrowed from Latin - Statistics

General Stats
  • This quiz has been taken 31 times
  • The average score is 14 of 15
Answer Stats
Hint Answer % Correct
hymna anthem
100%
aukce auction
100%
korektura correction
100%
koruna crown
100%
kúra cure
100%
fík fig
100%
advokát lawyer
100%
legie legion
100%
vikář vicar
100%
nula zero
100%
munice ammo
96%
fikce fantasy
87%
figura puppet
78%
indicie clue
74%
vakat blank page
70%
No matching quizzes found
Score Distribution
Percent of People with Each Score
Percentile by Number Answered
Your Score History
You have not taken this quiz